Organic Chemistry /
Gespeichert in:
| 1. Verfasser: | |
|---|---|
| Format: | Buch |
| Sprache: | Englisch |
| Veröffentlicht: |
Pacific Grove :
Brooks/Cole,
1992
|
| Ausgabe: | 3.Edition |
| Tags: |
Keine Tags, Fügen Sie das erste Tag hinzu!
|
MARC
| LEADER | 00000nam a22000003a 4500 | ||
|---|---|---|---|
| 001 | stu21135 | ||
| 005 | 20150617225753.2 | ||
| 008 | 950330s1992----xxu-----------------eng-d | ||
| 020 | |a 0-534-97956-4 | ||
| 040 | |a STU |b slo | ||
| 041 | 0 | |a eng | |
| 044 | |a xxu | ||
| 080 | |a 547.1 | ||
| 100 | 1 | |a McMurry, John |4 aut | |
| 245 | 1 | |a Organic Chemistry / |c [aut.]McMurry,John | |
| 250 | |a 3.Edition | ||
| 260 | |a Pacific Grove : |b Brooks/Cole, |c 1992 | ||
| 300 | |a 1212 s : |b Tab.,grafy,lit.,index | ||
| 996 | |b C91291 |c C*91291 |l CCIV |s P |a 0 |w stu21135_0001 | ||
| 996 | |b C93028 |c C*93028 |l CCVII |s P |a 0 |w stu21135_0002 | ||